A livraria de um canonista do sécilo XVI (Registo nº 198854)
[ vista simples ]
| 000 -Etiqueta de Registo | |
|---|---|
| Indicador do Registo | 00550nam 22001693 4500 |
| 100 ## - Dados Gerais de Processamento | |
| Dados gerais | 20251106d u||y0pory50 ba |
| 101 ## - Língua | |
| Língua de publicação | Português |
| 102 ## - País de publicação | |
| País | Portugal |
| 200 ## - Título e menção de responsabilidade | |
| Título próprio | A livraria de um canonista do sécilo XVI |
| Primeira menção de responsabilidade | António de Oliveira |
| 461 ## - Nível de conjunto | |
| Número de parte ou secção (número/volume) | Vol. XXII |
| Título | Revista da Universidade de Coimbra |
| 606 ## - Nome Comum Usado como Assunto | |
| ID Autoridade | 13853 |
| Elemento de Entrada | Bibliografia e bibliografias. Catálogos |
| Subdivisão de Assunto | Catálogos em geral. Catálogos de assunto |
| 700 ## - Autor principal (pessoa individual) | |
| ID Autoridade | 6938 |
| Apelido | Oliveira |
| Nome | António de |
| Datas | 1931- |
| 801 ## - Fonte de origem | |
| País | PT |
| Agência | BMMN |
| Regras de catalogação | RPC |
| 090 ## - System Control Numbers (Koha) | |
| Koha biblioitem number (autogenerated) | 198854 |
| 990 ## - Elementos Koha | |
| Tipo de documento | Artigo |
| Biblioteca de origem | Biblioteca de Empréstimo | Código de Barras | Cota | Permissão de Empréstimo | Tipo de Documento | Estado | Forma de Aquisição |
|---|---|---|---|---|---|---|---|
| Biblioteca Municipal de Montemor-o-Novo | Biblioteca Municipal de Montemor-o-Novo | 27421 | 01 OLI|DEP | Artigo |